000 00569nam a2200193 i 4500
001 145888
003 ES-MaACL
005 20250801154646.0
007 t|
008 071017s1967 sp ||||1| spa d
100 1 _aVega, Francisco de la
_c(S.I.)
_9160047
245 1 4 _a"El amor no se improvisa"
_b: el noviazgo como problema /
_cFrancisco de la Vega.
260 _aBilbao :
_bMensajero,
_c1967.
300 _a158 p. ;
_c19 cm.
650 7 _aAmor
_2embne
_99754
650 0 4 _aNoviazgo.
_915640
852 _aES-MaACL
_jC-32629
_bR.63567
999 _c145888
_d145888